| 000 | 00560nam a2200193Ia 4500 | ||
|---|---|---|---|
| 003 | GCL | ||
| 008 | 140319s9999 xx 000 0 eng d | ||
| 040 |
_aGCL / _cGCL |
||
| 082 | 0 | 4 |
_a492 _bN E |
| 100 | 1 | _aNAVEH, JOSEPH | |
| 245 | 1 | 0 |
_aEARLY HISTORY OF THE ALPHABET: AN INTRODUCTION TO WEST SEMITIC EPIGRAPHY AND PALAEOGRAPHY / _cNAVEH, JOSEPH |
| 260 |
_a[S.N] : _bTHE HEBREW UNIVERSITY ، _c1982 |
||
| 300 | _a211 P | ||
| 650 | 0 | 4 | _aLANGUAGES |
| 650 | 0 | 4 | _aSEMITIC LANGUAGES |
| 650 | 0 | 4 | _aHERBEW LANGUAGE |
| 650 | 0 | 4 | _aARAMIC LANGUAGES |
| 942 |
_2ddc _cBK |
||
| 999 |
_c14226 _d14226 |
||